Statistiques concernant Préfectures et sous préfectures françaises

Cliquez ici pour prendre le quiz!

Statistiques générales

  • Ce quiz a été pris 6 889 fois
    (6 720 depuis la dernière actualisation)
  • Le résultat moyen est 179 sur 341

Statistiques - réponses

HintRéponse% Correct
Alpes-MaritimesNice
93%
Toul
92%
Bouches-du-RhôneMarseille
91%
GirondeBordeaux
90%
CalvadosCaen
89%
HéraultMontpellier
89%
Loire-AtlantiqueNantes
89%
Ille-et-VilaineRennes
89%
Côte-d'OrDijon
88%
Charente-maritimeLa Rochelle
88%
NordLille
88%
Haute-GaronneToulouse
88%
Corse-du-SudAjaccio
87%
Brest
87%
RhôneLyon
87%
Bas-RhinStrasbourg
87%
Haute-CorseBastia
86%
AinBourg-en-Bresse
86%
IsèreGrenoble
86%
FinistèreQuimper
86%
LoireSaint-Etienne
86%
GardNîmes
85%
Clermont
84%
Hautes-AlpesGap
84%
MoselleMetz
84%
LoiretOrléans
84%
Indre-et-LoireTours
84%
SartheLe Mans
83%
Meurthe-et-MoselleNancy
83%
ParisParis
83%
AubeTroyes
83%
Maine-et-LoireAngers
82%
Pyrénées-AtlantiquesPau
82%
Pyrénées-OrientalesPerpignan
82%
Seine-MaritimeRouen
82%
CorrèzeTulle
82%
Haute-SavoieAnnecy
81%
DoubsBesançon
81%
AisneLaon
81%
DrômeValence
81%
AudeCarcassonne
80%
SavoieChambéry
80%
Haut-RhinColmar
80%
Côtes-d'ArmorSaint-Brieuc
80%
MancheSaint-Lô
80%
VarToulon
80%
YvelinesVersailles
80%
SommeAmiens
79%
AriègeFoix
79%
AllierMoulins
79%
| La RéunionSaint-Denis
79%
MorbihanVannes
79%
CherBourges
78%
IndreChâteauroux
78%
LandesMont-de-Marsan
78%
Aix-en-Provence
77%
ArdennesCharleville-Mézières
77%
MayenneLaval
77%
DordognePérigueux
77%
CharenteAngoulême
76%
Pas-de-CalaisArras
76%
CantalAurillac
76%
Territoire de BelfortBelfort
76%
Eure-et-LoirChartres
76%
NièvreNevers
76%
ViennePoitiers
76%
Reims
76%
AveyronRodez
76%
Lot-et-GaronneAgen
75%
VaucluseAvignon
75%
Loir-et-CherBlois
75%
EureEvreux
75%
Le Havre
75%
Haute-VienneLimoges
75%
Deux-SèvresNiort
75%
ArdèchePrivas
75%
Hautes-PyrénéesTarbes
75%
YonneAuxerre
74%
Lorient
73%
TarnAlbi
72%
GersAuch
72%
Puy-de-DômeClermont-Ferrand
72%
CreuseGuéret
72%
Saint-Malo
72%
OrneAlençon
71%
OiseBeauvais
71%
LotCahors
71%
Calais
71%
VosgesEpinal
71%
EssonneEvry
71%
VendéeLa Roche-sur-Yon
71%
LozèreMende
71%
Mulhouse
71%
Bayonne
70%
Béziers
70%
MarneChâlons-en-Champagne
70%
Alpes-de-Haute-ProvenceDigne-les-Bains
70%
Dunkerque
70%
Seine-et-MarneMelun
70%
JuraLons-le-Saunier
69%
Saône-et-LoireMâcon
69%
Narbonne
69%
Haute-LoireLe Puy-en-Velay
68%
Tarn-et-GaronneMontauban
68%
Hauts-de-SeineNanterre
68%
Haute-SaôneVesoul
68%
Val-de-MarneCréteil
67%
Dax
67%
Saint-Nazaire
67%
MartiniqueFort-de-France
66%
MeuseBar-le-Duc
65%
Seine-Saint-DenisBobigny
64%
Arles
63%
GuyaneCayenne
63%
Haute-MarneChaumont
63%
Lens
63%
Vichy
63%
Valenciennes
62%
Brive-la-Gaillarde
61%
Die
61%
Saint-Quentin
61%
Briançon
60%
Val-d'OiseCergy
60%
Montluçon
60%
Sedan
60%
Alès
59%
Calvi
59%
Arcachon
58%
Corte
58%
Millau
58%
Grasse
57%
GuadeloupeBasse-Terre
56%
Boulogne-sur-Mer
56%
MayotteMamoudzou
56%
Saintes
56%
Beaune
55%
Guingamp
54%
Roanne
54%
Vierzon
54%
Bergerac
53%
Chalon-sur-Saône
53%
Cognac
53%
Dreux
53%
Rochefort
53%
Verdun
53%
Meaux
52%
Nantua
52%
Bayeux
51%
Cholet
51%
Dinan
51%
Istres
51%
Libourne
51%
Mayenne
51%
Montbéliard
51%
Morlaix
51%
Vienne
51%
Dole
50%
Pontoise
50%
Saint-Pierre
50%
Soissons
50%
Albertville
49%
Castres
49%
Dieppe
49%
Gex
49%
Lisieux
49%
Fougères
48%
Lannion
48%
Redon
48%
Saumur
48%
Villefranche-sur-Saône
48%
Boulogne-Billancourt
47%
Avranches
46%
Barcelonnette
46%
VarDraguignan
46%
Fontainebleau
46%
Riom
46%
Sens
46%
Château-Thierry
45%
Douai
45%
Les Sables-d'Olonne
45%
Montargis
45%
Pointe-à-Pitre
45%
Saint-Dizier
45%
Saint-Flour
45%
Compiègne
44%
Pamiers
44%
Pontarlier
44%
Ussel
44%
Chinon
43%
Figeac
43%
La Flèche
43%
Thionville
43%
Abbeville
42%
Cambrai
42%
Marmande
42%
Saint-Claude
42%
Saint-Paul
42%
Sélestat
42%
Thonon-les-Bains
42%
Vire
42%
Belley
41%
Carpentras
41%
Condom
41%
Issoire
41%
Limoux
41%
Thiers
41%
Apt
40%
Béthune
40%
Cherbourg-Octeville
40%
Epernay
40%
Montreuil
40%
Sarlat-la-Canéda
40%
Sartène
40%
Aubusson
39%
Forcalquier
39%
Issoudun
39%
Pithiviers
39%
Rambouillet
39%
Saint-Gaudens
39%
Sarreguemines
39%
Antony
38%
Châteaubriant
38%
Châteaudun
38%
Coutances
38%
Florac
38%
Haguenau
38%
Lodève
38%
Mantes-la-Jolie
38%
Mauriac
38%
Pontivy
38%
Vendôme
38%
Bar-sur-Aube
37%
Castellane
37%
Châteaulin
37%
Langres
37%
La Tour-du-Pin
37%
Loches
37%
Lunéville
37%
Oloron-Sainte-Marie
37%
Saint-Dié-des-Vosges
37%
Saint-Girons
37%
Saint-Omer
37%
Senlis
37%
Villefranche-de-Rouergue
37%
Argenteuil
36%
Autun
36%
Châtellerault
36%
Forbach
36%
La Châtre
36%
Le Blanc
36%
Muret
36%
Nogent-sur-Seine
36%
Saint-Germain-en-Laye
36%
Yssingeaux
36%
Brioude
35%
Nyons
35%
Sarcelles
35%
Sarrebourg
35%
Villeneuve-sur-Lot
35%
Blaye
34%
Céret
34%
Jonzac
34%
Largentière
34%
Le Vigan
34%
Lure
34%
Montbrison
34%
Nogent-le-Rotrou
34%
Prades
34%
Rethel
34%
Ancenis
33%
Avallon
33%
Bagnères-de-Bigorre
33%
Château-Chinon
33%
Langon
33%
Montbard
33%
Parthenay
33%
Provins
33%
Saint-Jean-d'Angély
33%
Saint-Jean-de-Maurienne
33%
Argentan
32%
Etampes
32%
Lesparre-Médoc
32%
Saverne
32%
Thann
32%
Tournon-sur-Rhône
32%
Altkirch
31%
VarBrignoles
31%
Gourdon
31%
Mirande
31%
Molsheim
31%
Nogent-sur-Marne
31%
Romorantin-Lanthenay
31%
Saint-Benoît
31%
Saint-Laurent-du-Maroni
31%
Torcy
31%
Vervins
31%
Argelès-Gazost
30%
Bonneville
30%
Château-Gontier
30%
Confolens
30%
Palaiseau
30%
Vouziers
30%
Ambert
29%
Bressuire
29%
Tarn-et-GaronneCastelsarrasin
29%
Commercy
29%
Les Andelys
29%
Nontron
29%
Saint-Amand-Montrond
29%
Bernay
28%
Le Raincy
28%
Louhans
28%
Mamers
28%
Nérac
28%
Saint-Julien-en-Genevois
28%
Segré
28%
Cosne-Cours-sur-Loire
27%
L'Haÿ-les-Roses
27%
Vitry-le-François
27%
Charolles
26%
Clamecy
26%
Guebwiller
26%
Mortagne-au-Perche
26%
Neufchâteau
26%
Avesnes-sur-Helpe
25%
Bellac
25%
Fontenay-le-Comte
25%
Péronne
25%
Wissembourg
25%
La Trinité
24%
Le Marin
24%
Montdidier
24%
Montmorillon
24%
Rochechouart
24%
Sainte-Menehould
24%
Ribeauvillé
23%
Briey
22%
Château-Salins
20%
Boulay-Moselle
19%

Distribution des résultats

Percentile par nombre de réponses

% des personnes avec chaque résultat

Votre développement - résultats

Vous n’avez pas pris ce quiz depuis la dernière actualisation